| 000 | 00737nam a22002177a 4500 | ||
|---|---|---|---|
| 003 | OSt | ||
| 005 | 20230112145745.0 | ||
| 008 | 230112b |||||||| |||| 00| 0 eng d | ||
| 040 | _cBiblioteca Lado V | ||
| 082 |
_a700.74 _bT814p |
||
| 100 |
_9516 _aTreviso Villa, Letizia _eautor |
||
| 245 | _aPadiglione America Latina/ | ||
| 260 |
_aItalia _bBiennale de venecia _c2001 |
||
| 300 |
_a98p. _c21x30cm |
||
| 650 |
_2Tesauro de Arte & Arquitectura _aCATALOGO |
||
| 650 |
_2Tesauro de Arte & Arquitectura _aARTE |
||
| 650 |
_2Tesauro de Arte & Arquitectura _aPINTURA |
||
| 650 |
_2Tesauro de Arte & Arquitectura _aFOTOGRAFIA |
||
| 650 |
_2Tesauro de Arte & Arquitectura _aDIBUJO |
||
| 942 |
_2ddc _c1 _h700.74 _iT814p _n0 |
||
| 999 |
_c2760 _d2760 |
||